Laddar...

Readings in ecology and ecological genetics

Bibliografiska uppgifter
Huvudupphovsman: Connell, Joseph H, Ed., et al
Materialtyp: Printed Book
Publicerad: Harper & Row Publishers, New York 1970
Ämnen:
LEADER 00575nam a2200193 4500
020
082 |a 576.58 CON-R 
100 |a Connell, Joseph H, Ed., et al. 
245 |a Readings in ecology and ecological genetics 
250
260 |a Harper & Row Publishers, New York  |c 1970 
300 |a 397 
490
500
590 |a Priya  |b 2011-03-29 15:35:27 
650 |a Population genetics-- Ecological genetics 
942 |c BK 
999 |c 94960  |d 94960 
952 |0 0  |1 0  |4 0  |6 576_580000000000000_CONR  |7 0  |9 108428  |a AQU  |b AQU  |l 0  |o 576.58 CON-R  |p AQU01225  |r 2019-09-25  |w 2019-09-25  |y BK